The Consistency of the Axiom of Choice and of the Generalized Continuum-Hypothesis with the Axioms od Set Theory
Αποθηκεύτηκε σε:
| Κύριος συγγραφέας: | |
|---|---|
| Μορφή: | Βιβλίο |
| Γλώσσα: | English |
| Δημοσίευση: |
Princeton :
Princeton University Press,
1993.
|
| Έκδοση: | 20th prin. |
| Σειρά: | Annals of mathematics studies ;
; 3 |
| Θέματα: | |
| Ετικέτες: |
Προσθήκη ετικέτας
Δεν υπάρχουν, Καταχωρήστε ετικέτα πρώτοι!
|
MARC
| LEADER | 00000nam a2200000 i 4500 | ||
|---|---|---|---|
| 001 | 1/39710 | ||
| 008 | 950207s19931940 eng d | ||
| 020 | |a 0-691-07927-7 | ||
| 035 | |a 1995 |c ΧΑΡΑΛΑΜΠΟΥΣ |l 10041076 | ||
| 040 | |a GR-MY-UA |b gre |e aacr | ||
| 041 | 0 | |a eng | |
| 082 | 0 | |a 511.3 | |
| 100 | 1 | |a Gödel, Kurt. | |
| 245 | 1 | 4 | |a The Consistency of the Axiom of Choice and of the Generalized Continuum-Hypothesis with the Axioms od Set Theory / |c by Kurt G&UBodel. |
| 250 | |a 20th prin. | ||
| 260 | |a Princeton : |b Princeton University Press, |c 1993. | ||
| 300 | |a 72 p.; |c 23 cm. | ||
| 490 | 1 | |a Annals of mathematics studies |v ; 3 | |
| 500 | |a Το αντίτυπο 2 είναι έτος έκδοσης 1940. | ||
| 500 | |a Bibliography: 72 p. | ||
| 650 | 0 | 0 | |a Axiom of choice. |
| 650 | 0 | 0 | |a Mathematics |x Philosophy. |
| 650 | 0 | 0 | |a Logic, Symbolic and mathematical. |
| 650 | 0 | 0 | |a Set theory. |
| 830 | 0 | |a Annals of mathematics studies ; |v ; 3 | |
| 852 | |a INST |b SAMOS |e 19950207 |h 511.3 GOD |p 005300006137 |q 005300006137 |t BK |y 0 | ||
| 852 | |a INST |b SAMOS |e 20151005 |h 511.3 GOD |p 005300042951 |q 005300042951 |t BK |y 0 | ||
| 909 | |a Σ |b 038648 | ||
| 920 | |a Μάγειρας |b Παναγιώτης |y Σάμος |z 2008-09 | ||
| 970 | |a Σιτζίμη |b Γιασεμή |z 05/10/2015 | ||